|
|
|
|
| LEADER |
01739nam a2200277 a 4500 |
| 001 |
18166 |
| 003 |
BD-DhAAL |
| 008 |
090527r20052004 enka b 001 0 eng d |
| 010 |
|
|
|a 2003055747
|
| 020 |
|
|
|a 0521812607(hbk)
|
| 040 |
|
|
|a DLC
|c DLC
|d DLC
|d BD-DhAAL
|
| 082 |
0 |
0 |
|a 530.11
|2 22
|
| 100 |
1 |
|
|a Schwarz, Patricia M.
|q (Patricia Margaret),
|d 1956-
|9 57609
|
| 245 |
1 |
0 |
|a Special relativity :
|b from Einstein to strings /
|c Patricia M. Schwarz and John H. Schwarz.
|
| 260 |
|
|
|a Cambridge, U.K. ;
|a New York :
|b Cambridge University Press,
|c 2004.
|
| 300 |
|
|
|a xii, 376 p. :
|b ill. ;
|c 26 cm
|
| 504 |
|
|
|a Includes bibliographical references (pages 367-368) and index.
|
| 526 |
|
|
|a MNS
|x Mahabobe Shobahani
Faculty Member of BRAC University
Course Name : Classical Mechanics and Special Theory of Relativity (PHY 204)
|
| 541 |
1 |
|
|e 18166, 18167
|a D. S. Books International
|
| 650 |
|
0 |
|a Special relativity (Physics).
|9 23766
|
| 700 |
1 |
|
|a Schwarz, John H.
|9 57610
|
| 852 |
4 |
|
|a Ayesha Abed Library
|c General Stacks
|
| 942 |
|
|
|2 ddc
|c BK
|
| 999 |
|
|
|c 1125
|d 1125
|
| 952 |
|
|
|0 0
|1 0
|2 ddc
|4 0
|6 530_110000000000000_SCH
|7 0
|9 1015
|a BRACUL
|b BRACUL
|c GEN
|d 2009-06-24
|e D. S. Books International
|g 9207.00
|l 3
|m 28
|o 530.11 SCH
|p 3010018166
|q 2026-05-19
|r 2025-10-22
|s 2025-10-22
|t 1
|w 2009-06-24
|y BK
|x Requisitioned by Mahabobe Shobahani for the course named- "Classical Mechanics and Special Theory of Relativity (PHY 204)" ; USD 83.70
|
| 952 |
|
|
|0 0
|1 0
|2 ddc
|4 0
|6 530_110000000000000_SCH
|7 0
|9 17401
|a BRACUL
|b BRACUL
|c GEN
|d 2011-07-09
|e D. S. Books International
|l 8
|m 66
|o 530.11 SCH
|p 3010018167
|q 2026-05-17
|r 2025-09-02
|s 2025-09-02
|t 2
|w 2011-07-09
|y BK
|x Requisitioned by Mahabobe Shobahani for the course named- "Classical Mechanics and Special Theory of Relativity (PHY 204)" ; USD 83.70
|